Nahoru na horu /
Český horolezec popisuje v rozhovoru otevřeně milníky své sportovní kariéry a nechá nahlédnout též do soukromého života. Prozradí, jak fungují mysl a tělo při výstupu na osmitisícovku bez kyslíkového přístroje i co si odnést z extrémních podmínek.
Uloženo v:
| Hlavní autor: | |
|---|---|
| Další autoři: | |
| Médium: | E-kniha |
| Jazyk: | Czech |
| Vydáno: |
V Praze :
Vyšehrad,
2020
|
| Vydání: | Vydání první |
| Edice: | Rozhovory (Vyšehrad)
|
| Témata: | |
| Tagy: |
Žádné tagy |
| LEADER | 02351nam a2200553 i 4500 | ||
|---|---|---|---|
| 001 | 311223 | ||
| 003 | CZ PrSKC | ||
| 005 | 20260601215701.0 | ||
| 007 | ta | ||
| 008 | 200904s2020 xr ac e 000 0bcze | ||
| 015 | |a cnb003245306 | ||
| 020 | |a 9788076013193 |q (vázáno) : |c Kč 349,00 | ||
| 035 | |a (OCoLC)1204253847 | ||
| 040 | |a OLA001 |b cze |d BOA001 |e rda | ||
| 043 | |a e-xr--- | ||
| 045 | |a x6y- | ||
| 072 | 7 | |a 796 |x Sport. Hry. Tělesná cvičení |2 Konspekt | |
| 072 | 7 | |a 929 |x Biografie |2 Konspekt | |
| 080 | |a 796.52.071.2 |2 MRF | ||
| 080 | |a 796.52 |2 MRF | ||
| 080 | |a 929 |2 MRF | ||
| 080 | |a (437.3) |2 MRF | ||
| 080 | |a (047.53) |2 MRF | ||
| 100 | 1 | |a Jaroš, Radek, |d 1964- |7 xx0004047 |4 aut | |
| 245 | 1 | 0 | |a Nahoru na horu / |c Jiří Macek, Radek Jaroš |
| 250 | |a Vydání první | ||
| 264 | 1 | |a V Praze : |b Vyšehrad, |c 2020 | |
| 300 | |a 237 stran : |b barevné ilustrace, portréty ; |c 23 cm | ||
| 336 | |a text |b txt |2 rdacontent | ||
| 337 | |a bez média |b n |2 rdamedia | ||
| 338 | |a svazek |b nc |2 rdacarrier | ||
| 490 | 1 | |a Rozhovory | |
| 520 | 2 | |a Český horolezec popisuje v rozhovoru otevřeně milníky své sportovní kariéry a nechá nahlédnout též do soukromého života. Prozradí, jak fungují mysl a tělo při výstupu na osmitisícovku bez kyslíkového přístroje i co si odnést z extrémních podmínek. | |
| 600 | 1 | 7 | |a Jaroš, Radek, |d 1964- |7 xx0004047 |2 czenas |
| 648 | 7 | |a 20.-21. století |7 ch462155 |2 czenas | |
| 650 | 0 | 7 | |a horolezci |7 ph120801 |z Česko |y 20.-21. století |2 czenas |
| 650 | 0 | 7 | |a horolezectví |7 ph114696 |y 20.-21. století |2 czenas |
| 650 | 0 | 9 | |a mountaineers |z Czechia |y 20th-21st centuries |2 eczenas |
| 650 | 0 | 9 | |a mountaineering |y 20th-21st centuries |2 eczenas |
| 655 | 7 | |a rozhovory |7 fd133303 |2 czenas | |
| 655 | 9 | |a interviews |2 eczenas | |
| 700 | 1 | |a Macek, Jiří, |d 1963- |7 ola20201087988 |4 aut | |
| 830 | 0 | |a Rozhovory (Vyšehrad) | |
| 900 | |a ABA001 |b 19 | ||
| 928 | 9 | |a Albatros Media - Vyšehrad | |
| 044 | |a xr | ||
| 910 | |a RBIT002 | ||
| 998 | |d 208287 |a https://core.palmknihy.cz/api/books/208287/cover?qfch1k |b https://core.palmknihy.cz/api/books/208287/cover/400?qfch1k |c https://core.palmknihy.cz/api/books/208287/cover/50?qfch1k |e 2031-12-31 |g 240 |i 9788076013193 |k https://core.palmknihy.cz/api/books/208287/preview.pdf |l |q 49 |r 1 |s https://www.palmknihy.cz/kniha/208287 |t ebook |y 2020 |z 0 | ||
| 999 | |d 311221 | ||